000 00444nam a22001577a 4500
005 20240110111616.0
008 190910b xxu||||| |||| 00| 0 eng d
020 _a978-81-85790-15-2
041 _aeng
100 _a GOKHALE,S.B , KOKATE, C.K. AND PUROHIT, A.P
_98281
245 _aA TEXBOOK OF PHARMACOGNOSY : FIRST YEAR DIPLOMA IN PHARMACY
250 _a14th Ed., 2019
260 _aPUNE
_bNIRALI PRAKASHAN
300 _aA.32p;
942 _cBK
999 _c5967
_d5965